000 01579nam0a2200277 4500
001 RU\NLR\bibl\819551
005 20250614135053.0
021 _aRU
_b2005-29179
_91457
035 _a(NLR Aleph) 000808467
090 _a1225941
_c1225941
100 _a20050713d2004 |||y0rusy50 ca
101 0 _arus
102 _aRU
105 _ay |||||||||
200 1 _aОсобенности бухгалтерского учета и аудита страховых компаний
_eучебное пособие
_fА.С. Хархардин
_gпод ред. д.э.н., проф. С.К. Егоровой
_gМ-во образования Рос. Федерации, Гос. образоват. учреждение высш. проф. образования "Моск. гос. ун-т сервиса" (ГОУВПО "МГУС")
210 _aМосква
_cМГУС
_d2004
215 _a303 с.
_d20
606 1 _aСтраховые компании
_jРуководства, пособия и т.п. для высшей школы
_xБухгалтерский учет
_yРоссийская Федерация
_92314014
_3RU\NLR\auth\661384748
606 1 _aСтраховые компании
_jУчебные издания для высших учебных заведений
_xБухгалтерский учет
_yРоссийская Федерация
_92314014
_3RU\NLR\auth\661384748
686 _aУ052.9(2)226.31я73
700 1 _aХархардин
_bА. С.
_4070
801 0 _aRU
_bNLR
_c20050713
_gPSBO
801 1 _aRU
_bNLR
_c20050713
942 _cBOOK
980 _aNB